000 00636nam a2200229Ia 4500
005 20260429111920.0
008 260429s9999||||xx |||||||||||||| ||und||
020 _a9789391502737
041 _aEnglish
082 _a537.65
_bWHI
100 _aJimi, White
245 0 _aThermoelectricity :
_ban introduction to the principles and applications /
_cWhite Jimi
260 _aPune :
_bKnowledge Bakers,
_c2025.
300 _aix, 139 p.; hb
650 _a Electricity
650 _a Electrodynamics
650 _a Thermoelectricity
650 _aPhysics
700 _a Gibson, Bayu
700 _a Williams, Aashif
942 _cTB
999 _c51410
_d51410